Berliner Bezirke - Sudden Death - Statistiken

Allgemein
  • Dieses Quiz wurde 195 mal gespielt
  • Das Durchschnittsergebnis liegt bei 6 aus 12
Answers on the Grid
Answers color-coded by a green-red scale on the quiz's grid according to % correct below.
Adlershof-Johannisthal
Buckow-Britz
Charlottenburg-Wilmersdorf
Friedrichshain-Kreuzberg
Gropiusstadt
Lichtenberg
Lichtenrade
Marienfelde
Marzahn-Hellersdorf
Mitte
Mülheim
Neukölln
Nikolaiviertel
Pankow
Prenzlauer Berg
Ramersdorf-Perlach
Reinickendorf
Rudow
Spandau
Steglitz-Zehlendorf
Tempelhof-Schöneberg
Tiergarten
Treptow-Köpenick
Wedding
Weißensee
 
Antwortstatistiken
Antwort % Korrekt
Neukölln
65%
Spandau
62%
Charlottenburg-Wilmersdorf
61%
Friedrichshain-Kreuzberg
60%
Pankow
59%
Mitte
55%
Tempelhof-Schöneberg
55%
Marzahn-Hellersdorf
52%
Steglitz-Zehlendorf
49%
Treptow-Köpenick
46%
Reinickendorf
45%
Lichtenberg
38%
Keine übereinstimmenden Quizze gefunden
Verteilung der Resultate
Anzahl Personen mit jedem Resultat
Perzentil nach korrekt beantworteten Fragen
Ihre Resultats-Entwicklung
Sie haben dieses Quiz noch nicht gespielt